Science Quiz

Random Science or Chemistry Quiz
Score 0/25 Timer 06:00
0 Plays Today
% Correct
Milk
82.4%
Baking soda
74.1%
Pain reliever
73.1%
Toothpaste
67.6%
Light Bulb
61.1%
Vinegar
58.3%
Orange juice
50.9%
Rubbing alcohol
50.9%
Antacid (Tums)
48.1%
Lawn fertilizer
48.1%
Deodorant
41.7%
Smoke detector
41.7%
Bleach
39.8%
% Correct
Cola
38.9%
Glass cleaner
32.4%
Acne medicine
31.5%
Candle
30.6%
Drain cleaner
28.7%
Flour
25.9%
Wine
21.3%
Laundry detergent
21.3%
Hair color
20.4%
Nail polish
19.4%
Hand sanitizer
16.7%
Mouthwash
12%

You're not logged in!

Compare scores with friends on all Sporcle quizzes.
OR
Log In

Sporcle TV

Today on Sporcle TV


Watch our educational content, quiz creation guides, and fun videos on Sporcle TV.

Show Comments

Extras

Top Quizzes Today


Score Distribution

Paid Content

Your Account Isn't Verified!

In order to create a playlist on Sporcle, you need to verify the email address you used during registration. Go to your Sporcle Settings to finish the process.

Report this User

Report this user for behavior that violates our Community Guidelines.

Details: